| 000 | 00612cam a2200217 a 4500 | ||
|---|---|---|---|
| 999 |
_c2468 _d2468 |
||
| 001 | .b15063264 | ||
| 003 | OSt | ||
| 005 | 20230602122554.0 | ||
| 008 | 070614r19991980enka 000 0 eng d | ||
| 020 | _a9780140565812 (pbk.) : | ||
| 040 | _cKH8 | ||
| 082 | _a823.914 AHL | ||
| 100 | 1 |
_aAhlberg, Janet. _eauthor |
|
| 245 | 1 | 0 |
_aFunnybones / _cby Allan Ahlberg; illustrated by Janet Ahlberg. |
| 260 |
_aLondon : _bPuffin, _c1999. |
||
| 300 |
_a32 p. : _bchiefly col. ill. ; _c27 cm. |
||
| 440 | 0 | _aPicture puffins. | |
| 650 | _achildren's stories | ||
| 700 | 1 |
_aAhlberg, Allan. _eAuthor |
|
| 942 |
_2ddc _cFIC |
||